LEADER 00981nam0-22002771i-450- 001 990006231990403321 005 19980601 035 $a000623199 035 $aFED01000623199 035 $a(Aleph)000623199FED01 035 $a000623199 100 $a19980601d1964----km-y0itay50------ba 105 $a--------00-yy 200 1 $aKirchenhistorische Anecdota nebst neuen Ausgaben patristischer und Kirchlich mittelalterlicher Schriften$everoffentlicht und mit Anmerkungen und Abhandlungen begleitet$fC.P. Caspari. 210 $aBruxelles$cCulture et civilisation$d1964 215 $aXXVII,, 360 p.$d24 cm 676 $a270 700 1$aCaspari,$bCarl Paul$f<1814-1892>$0235830 801 0$aIT$bUNINA$gRICA$2UNIMARC 901 $aBK 912 $a990006231990403321 952 $aIII L 225$b75598$fFGBC 959 $aFGBC 996 $aKirchenhistorische Anecdota nebst neuen Ausgaben patristischer und Kirchlich mittelalterlicher Schriften$9636140 997 $aUNINA DB $aGIU01 LEADER 01025nam a2200277 i 4500 001 991000832329707536 005 20020507102040.0 008 970307s1990 it ||| | ita 035 $ab10135868-39ule_inst 035 $aLE00637587$9ExL 040 $aDip.to Fisica$bita 084 $a53.9.786 084 $a53.9.788 100 1 $aBenassai, S.$0461224 245 10$aBanca dati radionuclidi :$bmanuale di riferimento e d'uso /$ca cura di Sergio Benassai e Luciano Bologna ; ENEA Direzione Centrale Sicurezza Nucleare e Protezione sanitaria 260 $aRoma :$bENEA,$c1990 300 $a31 p. :$bill. ;$c30 cm. + 2 floppy disks 650 4$aRadionuclides 700 1 $aBologna, L. 710 2 $aENEA 907 $a.b10135868$b21-09-06$c27-06-02 912 $a991000832329707536 945 $aLE006 53.9.786 BEN$g1$i2006000055864$lle006$o-$pE0.00$q-$rl$s- $t0$u0$v0$w0$x0$y.i1016036x$z27-06-02 996 $aBanca dati radionuclidi$9185300 997 $aUNISALENTO 998 $ale006$b01-01-97$cm$da $e-$fita$git $h0$i1